=LDR 00000nam 2200000 4500 =001 INLIS000000000025962 =005 20200428094942 =035 ##$$a 0010-061300000025962 =008 200428################g##########0#ind## =041 ##$$a Ind =082 ##$$a 2X3 =090 ##$$a 2x3, Had r =100 1#$$a Haddad, allamah Sayyid =245 1#$$a Renungan tentang umur manusia, /$c Allamah sayyid abdullah haddad =260 ##$$a Yogyakarta :$b Mizan,$c 2004 =300 ##$$a 192 hlm, ; $c 14 x 21 cm =650 #4$$a Nuansa islami =850 ##$$a NBPNMAT =084 ##$$a 2X3 HAD r =250 ##$$a cet.1 =990 ##$$a 00052539